| 000 | 00777nam a2200289Ia 4500 | ||
|---|---|---|---|
| 001 | Z_3168 | ||
| 003 | CHAP | ||
| 008 | 220113s1989 xx 000 0 und d | ||
| 010 | _a166276 | ||
| 040 | _cCHAP | ||
| 082 | _a636.5089 M6 | ||
| 100 |
_aMoreno Díaz, Reynaldo _9140346 |
||
| 245 |
_aEnfermedades parasitarias de las aves / _cpor Reynaldo Moreno Díaz |
||
| 260 |
_aMéxico, D. F. : _bUNAM. Facultad de Medicina Veterinaria y Zootecnia, _c1989 |
||
| 300 | _a211 P. ; ilus. | ||
| 440 | _a | ||
| 500 | _aLa biblioteca tiene : tomo II | ||
| 503 | _a | ||
| 650 |
_aAves de corral _xEnfermedades _98646 |
||
| 650 |
_aAves de corral _xParásitos _98673 |
||
| 901 | _a636.5089 M6 | ||
| 902 | _aA | ||
| 910 | _a1989 | ||
| 942 | _c1 | ||
| 942 | _cc1 | ||
| 999 |
_c166276 _d166276 |
||